| 000 | 00652nam a22002297a 4500 | ||
|---|---|---|---|
| 005 | 20170124105957.0 | ||
| 010 | _aA-408584 | ||
| 020 | _c00.00 | ||
| 035 | _aA-408584 | ||
| 037 | _bCen Lib/Ret | ||
| 040 |
_aDPL _bEN |
||
| 082 |
_a342.54 _bSAH |
||
| 100 |
_aSaharay, H. K. _91615 |
||
| 245 |
_aCases and materials on the constitution of India / _cby H. K. Saharay |
||
| 260 |
_aBombay _bN. M. Tripathi _c1987 |
||
| 270 |
_aBombay _bBombay _e400004 |
||
| 300 |
_a742p. _c21cm(Hb) |
||
| 500 | _aIncludes index | ||
| 650 |
_zIndia _aConstitution _986105 |
||
| 650 |
_aConstitutional law _986106 |
||
| 942 |
_2ddc _cEN _h342.54 _mSAH |
||
| 999 |
_c125583 _d125583 |
||